000 00824nam a22002057a 4500
999 _c9900
_d9900
003 AR-CdUCM
008 190328b ||||| |||| 00| 0 spa d
040 _aMUNICIPALIDAD PROVINCIAL DEL CUSCO
_cBIBLIOTECA MUNICIPAL DEL CUSCO
082 _a378 /
_bM86 / 1945
100 _aMoreno y García, Roberto
_926431
245 _aDesarrollo y Orientaciones de la Educación Superior /
260 _aMéxico :
_bEdiciones de la Secretaria de Educación Pública ;
_c1945.
300 _a476 páginas ;
_c23cm
440 _aSerie Ciencia y Tecnología de la Educación
_n2
_926432
505 _aContenido: La antigüedad -- Las universidades -- La reforma universitaria -- Estructura y fines de la educación superior
650 _aDesarrollo
_92021
650 _aEducación superior
_92408
942 _2ddc
_cLIBROS
945 _anom